000 00488nam a2200193Ia 4500
008 151121s9999||||xx |||||||||||||| ||und||
082 _a212 /RIC
082 _bHNW-64911
100 _aRichardson Darothy
245 _aPilgrimage।। - II
260 _b"Virago Press Ltd, London।"
260 _c--
300 _a454
600 _aRichardson Darothy
630 _aPilgrimage।। - II
700 _aRichardson Darothy
730 _aPilgrimage।। - II
942 _cBOOK
999 _c1246435
_d1246432